Countries Metallica has visited - Statistics

General Stats
  • This quiz has been taken 46 times
  • The average score is 43 of 56
Answer Stats
Continent Country % Correct
South America Brazil
95%
Asia China
95%
North America Mexico
95%
Europe United Kingdom
95%
Oceania Australia
93%
North America Canada
93%
Europe France
93%
Europe Russia
93%
North America United States
93%
South America Argentina
90%
Europe Germany
90%
Asia Japan
90%
Europe Portugal
90%
Europe Spain
90%
Europe Italy
88%
Europe Sweden
88%
Europe Finland
85%
Europe Norway
85%
Europe Austria
83%
Europe Denmark
80%
Europe Ireland
80%
Oceania New Zealand
80%
Europe Ukraine
80%
Europe Belgium
78%
South America Chile
78%
Europe Greece
78%
Europe Netherlands
78%
Europe Croatia
75%
Europe Poland
75%
Asia South Korea
75%
Europe Switzerland
75%
South America Colombia
73%
Europe Czech Republic
73%
Africa South Africa
73%
Europe Turkey
73%
Europe Estonia
70%
Europe Hungary
70%
Europe Romania
70%
Europe Bulgaria
68%
Central America Panama
68%
South America Peru
68%
Europe Serbia
68%
Europe Slovakia
68%
South America Venezuela
68%
South America Ecuador
65%
Asia Indonesia
65%
South America Paraguay
65%
Europe Iceland
63%
Europe Latvia
63%
Europe Lithuania
60%
Asia Philippines
60%
Asia Thailand
60%
Asia Israel
58%
Asia Singapore
58%
Central America Costa Rica
55%
Central America Guatemala
55%
No matching quizzes found
Score Distribution
Percent of People with Each Score
Percentile by Number Answered
Your Score History
You have not taken this quiz